| 000 | 00000nam 2200000za 4500 |
| 001 | 9.856020 |
| 003 | CaOODSP |
| 005 | 20221107155436 |
| 007 | cr ||||||||||| |
| 008 | 180501s1997 onc #of f|0| 0 eng d |
| 040 | |aCaOODSP|beng |
| 043 | |an-cn--- |
| 086 | 1 |aCS65-0005/1997E-PDF |
| 245 | 00|aWorld trade database 1980-1995 on CD-ROM |h[electronic resource] : |buser guide. |
| 260 | |a[Ottawa : |bStatistics Canada], |c1997. |
| 300 | |a[66] p. |
| 500 | |a"March 1997." |
| 500 | |aDigitized edition from print [produced by Statistics Canada]. |
| 692 | 07|2gccst|aDatabases |
| 692 | 07|2gccst|aInternational trade |
| 710 | 2 |aStatistics Canada. |
| 856 | 40|qPDF|s4.92 MB|uhttps://publications.gc.ca/collections/collection_2018/statcan/CS65-0005-1997-eng.pdf |
| 986 | |a65F0005XCB |